| 000 | 00907nam a22002537a 4500 | ||
|---|---|---|---|
| 005 | 20240530110349.0 | ||
| 008 | 141215s2009 ua d f b 000 0dara d | ||
| 017 |
_a3810/2008 _bمصر . دار الكتب المصرية |
||
| 020 | _a9772583038 | ||
| 040 | _aEG-CaGPL | ||
| 041 | 0 | _aara | |
| 082 | 0 | 4 |
_221 _a530.41\ _bم خ |
| 100 | 0 | _aمحمد محمد الزيدية | |
| 245 | 1 | 0 |
_aخواص المواد الصلبة = _bproperties of solid materials / _cتاليف محمد محمد الزيدية |
| 250 | _aط 1 | ||
| 260 |
_aالقاهرة : _bالدار العربية للنشر و التوزيع ، _c2008 |
||
| 300 |
_a513 ص : _bايض ؛ _c24 سم |
||
| 504 | _aببليوجرافية : ص 511 - 513 | ||
| 650 | 0 | 4 | _aالذرات |
| 650 | 0 | 4 | _aالمواد العازلة |
| 650 | 0 | 4 | _aالمواد الصلبة |
| 942 |
_2ddc _cBK |
||
| 999 |
_c60034 _d60034 |
||